00844nam a22002417a 450000500170000001000130001702000220003003500130005203700160006504000120008108200160009310000240010924500900013326000390022327000510026230000200031350000510033365000180038465000330040294200250043599900190046095201230047920170124105947.0 aA-935674 c00.00a817307044X aA-935674 bCen Lib/Ret aDPLbEN a260.42bSAT aSatnam Kaur 912653 aThree basics of sikh religious thought :cby Satnam Kaur bfaith, grace and prayer / aDelhibPragati Publications c1997 a9926 Library Road, Azad Market bDelhie110006 a279p.c23cm(Hb) aIncludes bibliographical references and index. aSikhism93669 aSikhism -- Doctrines.911530 2ddccENh260.42mSAT c125002d125002 00104070aLbLd2015-06-19eCen Lib/Retg0.00l0o260.42 SATpA-935674r2015-06-19 00:00:00t1v0.00w2015-06-19yEN